000 00310nam a2200121Ia 4500
008 190216s9999||||xx |||||||||||||| ||und||
100 _aShiromany P A
245 0 _aObjective And Short Answers Type Questions In Biology
260 _bYoung Man & Co
_c1984
300 _a362p
650 _aBiology
942 _cREF
999 _c35575
_d35575